| 000 | 00000nam##2200000za#4500 |
| 001 | 9.639948 |
| 003 | CaOODSP |
| 005 | 20240314152355 |
| 007 | cr ||||||||||| |
| 008 | 150407|2009||||xxc|||||o f|0| 0 fre|d |
| 020 | |a978-1-100-98890-0 |
| 040 | |aCaOODSP|bfre |
| 043 | |an-cn--- |
| 086 | 1 |aPS4-141/2009F-PDF |
| 110 | 1 |aCanada. |bSécurité publique Canada. |
| 245 | 10|a2008-2009 Évaluation formative de la Division des affaires intergouvernementales : |h[ressource électronique]|brapport final / |c[par] Direction générale des affaires intergouvernementales et de l'engagement des citoyens. |
| 260 | |aOttawa - Ontario : |bSécurité publique Canada |cLe 15 septembre 2009. |
| 300 | |a29p.|bfigures, tableaux |
| 590 | |a12-43-Supp|b2012-12-07 |
| 691 | 07|aRelations intergouvernementales|2gcpds |
| 775 | 08|t2008-2009 formative evaluation of the Intergovernmental Affairs Division : |w(CaOODSP)9.695798 |
| 856 | 40|ahttp://publications.gc.ca|qPDF|s299 Ko|uhttps://publications.gc.ca/collections/collection_2012/sp-ps/PS4-141-2009-fra.pdf |